000 00877nam a22002417a 4500
005 20170817101407.0
010 _aBAC-CH25
020 _a9788181320285
_c99.00
020 _a818132028-X
_c99.00
020 _a9788181320285
_c150.00 (AV)
035 _aB-554004-037
035 _aB-665044
037 _adpl
_bBlue Berry/Ven
082 _aN
100 _aDefoe, Daniel
245 _aThe life and adventure of Robinson Crusoe/
_cby Daniel Defoe
260 _aNew Delhi
_bRobin Books
_c2013
270 _a4393/4 Tulsidas Street, Ansari Road, Daryaganj
_bNew Delhi
_e110002
300 _a287p.
_c19cm(pbk)
942 _2ddc
_cCH
_mDEF
_hN
999 _c85946
_d85946